EUROPE but Not European Quiz Stats

Quiz Updated Nov 15, 2017

Also try: ASIA but not Asian
Challenge
Share
Tweet
Embed
Score 0/22 Timer 05:00
16 Plays Today
Country % Correct
Oman
85.5%
Uruguay
84.3%
Ethiopia
81.6%
Eritrea
79.7%
Ecuador
79.5%
Peru
78.8%
United States
78.8%
Rwanda
77.7%
Uzbekistan
76%
Paraguay
75%
Panama
74.2%
Country % Correct
Uganda
71.1%
Egypt
70.7%
Pakistan
70.3%
United Arab Emirates
68.9%
El Salvador
66.3%
Palau
63.1%
Philippines
60%
Papua New Guinea
57.7%
Equatorial Guinea
54.4%
Palestine
54%
Republic of the Congo
33.6%

You're not logged in!

Compare scores with friends on all Sporcle quizzes.
Sign Up with Email
OR
Log In

You Might Also Like...

Show Comments

Extras

Top Quizzes Today


Score Distribution

Your Account Isn't Verified!

In order to create a playlist on Sporcle, you need to verify the email address you used during registration. Go to your Sporcle Settings to finish the process.

Report this User

Report this user for behavior that violates our Community Guidelines.

Details: